Statistiken für Längste Fernsehserien, die heute noch produziert werden

Klicken Sie hier um das Quiz zu spielen!

Allgemein

  • Dieses Quiz wurde 184 mal gespielt
  • Das Durchschnittsergebnis liegt bei 5 aus 19

Antwortstatistiken

ErstausstrahlungTitel% Korrekt
1992 (RTL)Gute Zeiten, schlechte Zeiten
80%
1985 (ARD)Lindenstraße
69%
1970 (ARD)Tatort
66%
1994 (RTL)Unter uns
53%
2006 (ARD)Rote Rosen
42%
2006 (RTL)Alles was zählt
33%
2005 (ARD)Sturm der Liebe
28%
1996 (RTL)Alarm für Cobra 11 – Die Autobahnpolizei
26%
1981 (ZDF)Das Traumschiff
23%
1971 (DFF)Polizeiruf 110
23%
1977 (ZDF)Der Alte
22%
1994 (SWF)Die Fallers - Die SWR Schwarzwaldserie
10%
1973Sesamstraße
10%
1986 (ARD)Großstadtrevier
9%
1981 (ZDF)Löwenzahn
8%
1978 (ZDF)SOKO München
6%
1995 (ZDF)Wilsberg
4%
1994 (ZDF)Ein starkes Team
1%
1988 (ZDF)Siebenstein
1%

Verteilung der Resultate

Perzentil nach korrekt beantworteten Fragen

Anzahl Personen mit jedem Resultat

Ihre Resultats-Entwicklung

Sie haben dieses Quiz noch nicht gespielt